Проектирование комплексной механизации сельскохозяйственных предприятий / (Record no. 291596)
[ view plain ]
| 000 -LEADER | |
|---|---|
| fixed length control field | 01060nam a2200241 u 4500 |
| 001 - CONTROL NUMBER | |
| control field | 000801344 |
| 003 - CONTROL NUMBER IDENTIFIER | |
| control field | AM-YeHGA |
| 005 - DATE AND TIME OF LATEST TRANSACTION | |
| control field | 20250617144313.0 |
| 008 - FIXED-LENGTH DATA ELEMENTS--GENERAL INFORMATION | |
| fixed length control field | 090512s1973 ru | |||||||||||||rus|d |
| 040 ## - CATALOGING SOURCE | |
| Original cataloging agency | AM-YeHGA |
| 041 0# - LANGUAGE CODE | |
| Language code of text/sound track or separate title | rus |
| 090 ## - LOCALLY ASSIGNED LC-TYPE CALL NUMBER (OCLC); LOCAL CALL NUMBER (RLIN) | |
| -- | 293278 |
| 100 1# - MAIN ENTRY--PERSONAL NAME | |
| Personal name | Павлов, Борис Васильевич |
| 245 10 - TITLE STATEMENT | |
| Title | Проектирование комплексной механизации сельскохозяйственных предприятий / |
| Statement of responsibility, etc. | Б.В. Павлов, П.В. Пушкарева, П.С. Щеглов. |
| 260 ## - PUBLICATION, DISTRIBUTION, ETC. | |
| Place of publication, distribution, etc. | Москва : |
| Name of publisher, distributor, etc. | Колос, |
| Date of publication, distribution, etc. | 1973. |
| 300 ## - PHYSICAL DESCRIPTION | |
| Extent | 256 с. : |
| Other physical details | табл. ;. |
| 504 ## - BIBLIOGRAPHY, ETC. NOTE | |
| Bibliography, etc. note | Библиогр.: с. 250 - 253 (75 назв.) |
| 650 14 - SUBJECT ADDED ENTRY--TOPICAL TERM | |
| Topical term or geographic name entry element | Сельское хозяйство |
| 653 2# - INDEX TERM--UNCONTROLLED | |
| Uncontrolled term | сельскохозяйственные машины и орудия |
| 653 2# - INDEX TERM--UNCONTROLLED | |
| Uncontrolled term | проектирование машинно-тракторного парка |
| 700 1# - ADDED ENTRY--PERSONAL NAME | |
| Personal name | Пушкарева, Пелагея Васильевна |
| 700 1# - ADDED ENTRY--PERSONAL NAME | |
| Personal name | Щеглов, Павел Степанович |
| Withdrawn status | Lost status | Damaged status | Not for loan | Collection | Home library | Current library | Date acquired | Total checkouts | Full call number | Barcode | Date last seen | Price effective from | Koha item type | Public note |
|---|---|---|---|---|---|---|---|---|---|---|---|---|---|---|
| General | Fundamental Scientific Library | Fundamental Scientific Library | 29/12/2016 | PII/314826 | FL0221253 | 29/12/2016 | 29/12/2016 | Գրքեր / Books | 30 Days Loan |
ՀՀ Գիտությունների ազգային ակադեմիայի հիմնարար գիտական գրադարան = Fundamental Scientific Library of NAS RA
All site content, except where otherwise noted, is licensed under a